| 000 | 00961nam a2200253Ia 4500 | ||
|---|---|---|---|
| 001 | 21652 | ||
| 005 | 20260417112635.0 | ||
| 008 | 260320s9999||||xx |||||||||||||| ||und|| | ||
| 020 | _a9788411212328 | ||
| 041 | _aESP | ||
| 082 |
_a152.4 _bG59 |
||
| 100 |
_aGoleman, Daniel, _eAUT |
||
| 245 | 0 |
_aÓptimo : _brendimiento, empatía e inteligencia emocional |
|
| 250 | _aPrimera edición | ||
| 260 |
_aBarcelona : _bKairós, _c2024 |
||
| 300 |
_a324 páginas : _c20 cm. |
||
| 650 | _aPSI | ||
| 653 | _aInteligencia emocional; Conducta (Psicología); Emociones | ||
| 654 | _aCPS | ||
| 700 |
_aCherniss, Cary, _cAUT |
||
| 856 |
_uhttps://0u20fwvii-y-https-research-ebsco-com.itmsp.museknowledge.com/c/qxo6us/search _zVéase además: Base de datos EBSCOhost |
||
| 856 |
_uhttps://0u20vwvic-y-https-ebookcentral-proquest-com.itmsp.museknowledge.com/lib/catolicasp/home.action _zVéase además: Base de datos ProQuest Ebook Central |
||
| 942 |
_cLIB _dJUS _fMAT _2ddc |
||
| 999 |
_c21652 _d21652 |
||